00430nam a2200121Ia 4500008004100000020001800041100002300059245010300082260003200185300001500217500005100232650002500283190813s9999 xx 000 0 und d a9780415657853 aSweeney, Daniel S. cDaniel S. Sweeney, Jennifer N. Baggerly, Dee C. Ray.--aGroup play therapy :ba dynamic approach / aNew York :bRoutledgec2014 a226 pages. aIncluded bibliographical references and index. aGroup play theraphy.